[Event "XI Open"]
[Site "Malaga ESP"]
[Date "2008.02.29"]
[Round "8"]
[White "Cruz Alvarez de Ron, D."]
[Black "Ris, R."]
[Result "1/2-1/2"]
[WhiteElo "2246"]
[BlackElo "2386"]
[PlyCount "76"]
[EventDate "2008.02.23"]
[Source "www.chesslib.no"]
[SourceDate "2004.05.04"]

1. Nf3 Nf6 2. c4 c6 3. g3 d5 4. b3 Bg4 5. Bg2 Nbd7 6. Bb2 e6 7. O-O Be7 8. d3 O-O 9. Nbd2 a5 10. h3 Bxf3 11. Nxf3 a4 12. Bc3 axb3 13. axb3 Qb6 14. Qc2 Nc5 15. Nd2 Nfd7 16. d4 Na6 17. e4 Nf6 18. exd5 exd5 19. c5 Qd8 20. Rfe1 Re8 21. Ba5 Qc8 22. Qd3 Nd7 23. b4 Bf6 24. h4 Nf8 25. Nf3 Re4 26. Rxe4 dxe4 27. Qxe4 Nxb4 28. Qb1 Nd5 29. Bd2 Rxa1 30. Qxa1 h6 31. Qa7 Nc7 32. Be3 Nb5 33. Qa5 Qd7 34. Qa8 Nxd4 35. Nxd4 Bxd4 36. Bxd4 Qxd4 37. Qxb7 Qxc5 38. Qxc6 Qxc6 1/2-1/2

[Event "Ceske Budejovice Open"]
[Site "Ceske Budejovice CZE"]
[Date "1995.??.??"]
[Round "5"]
[White "Chernikov, Oleg L"]
[Black "Talla, Vladimir"]
[Result "1/2-1/2"]
[WhiteElo "2390"]
[BlackElo "2240"]
[PlyCount "85"]
[EventDate "1995.??.??"]
[Source "www.chesslib.no"]
[SourceDate "2004.05.04"]

1. Nf3 Nf6 2. g3 d5 3. c4 c6 4. b3 Bg4 5. Bg2 Nbd7 6. Bb2 e6 7. O-O Be7 8. d3 O-O 9. Nbd2 a5 10. a3 Qb6 11. Qc2 Rfc8 12. Rfe1 h6 13. Ne5 Nxe5 14. Bxe5 Nd7 15. Bb2 Bf6 16. Bxf6 Nxf6 17. Rab1 Qa7 18. Qb2 b5 19. e3 Nd7 20. Rbc1 bxc4 21. bxc4 Rab8 22. Qc3 Nb6 23. c5 Nd7 24. e4 Rb5 25. d4 Nf6 26. Bf1 Rb7 27. e5 Ne4 28. Nxe4 dxe4 29. Rxe4 Bf5 30. Re3 a4 31. Bd3 Rb3 32. Qc4 Bxd3 33. Qxd3 Rcb8 34. Rc3 Rb1+ 35. Kg2 Qa5 36. Rf3 R8b7 37. Rf4 R7b3 38. Rf3 Rb7 39. Kh3 Rb8 40. Rf4 R1b3 41. Rf3 Rb1 42. Qe2 R1b3 43. Qc4 1/2-1/2

[Event "Moscow RUS"]
[Site "?"]
[Date "2006.02.11"]
[Round "5"]
[White "Tarasova Viktoriya"]
[Black "Kaganskiy Gleb"]
[Result "1-0"]
[WhiteElo "2276"]
[BlackElo "2353"]
[PlyCount "60"]
[EventDate "2006.??.??"]
[Source "www.chesslib.no"]
[SourceDate "2004.05.04"]

1. c4 c6 2. Nf3 d5 3. b3 Nf6 4. g3 Bg4 5. Bg2 Nbd7 6. Bb2 e6 7. O-O Bd6 8. d3 O-O 9. Nc3 Qe7 10. a3 e5 11. e4 d4 12. Ne2 b5 13. cxb5 cxb5 14. Nh4 g6 15. h3 Bxe2 16. Qxe2 Nc5 17. Qd1 Qe6 18. f4 Qxb3 19. fxe5 Bxe5 20. Nf3 Qxb2 21. Nxe5 Nfd7 22. Nc6 Qc3 23. Kh2 Kg7 24. Rc1 Qxa3 25. Nxd4 a6 26. Qg4 Kh8 27. Rcd1 Ne5 28. Qh4 Ncxd3 29. Nc2 Qc5 30. Ne1 Qb6 1-0

[Event "Corr"]
[Site "?"]
[Date "2003.06.15"]
[Round "?"]
[White "Troia Elio (ITA)"]
[Black "Ritsema Ronald J.E.(NED)"]
[Result "1/2-1/2"]
[WhiteElo "2304"]
[BlackElo "2318"]
[PlyCount "68"]
[EventDate "2003.??.??"]
[Source "www.chesslib.no"]
[SourceDate "2004.05.04"]

1. c4 c6 2. Nf3 d5 3. b3 Nf6 4. g3 Bg4 5. Bg2 e6 6. O-O Nbd7 7. Bb2 Bd6 8. d3 Qe7 9. Nbd2 O-O 10. a3 a5 11. Qc2 Rfd8 12. e4 dxe4 13. dxe4 e5 14. h3 Bh5 15. Nh4 Bc7 16. Nf5 Qf8 17. Nf3 Bxf3 18. Bxf3 Nc5 19. Rad1 g6 20. Ne3 Ne6 21. Ng4 Nxg4 22. Bxg4 Nd4 23. Bxd4 exd4 24. a4 Qd6 25. Qd3 c5 26. f4 f6 27. Bf3 Re8 28. Rde1 Kh8 29. h4 Qd7 30. Bd1 Re7 31. Kf2 Qh3 32. Rh1 Qe6 33. Bf3 Rae8 34. Ke2 Qb6 1/2-1/2